Normal view
MARC view
Entry Topical Term
001 - CONTROL NUMBER
- control field: 72880
003 - CONTROL NUMBER IDENTIFIER
- control field: dpl
005 - DATE AND TIME OF LATEST TRANSACTION
- control field: 20241016145843.0
008 - FIXED-LENGTH DATA ELEMENTS
- fixed length control field: 241016|| aca||aabn | a|a d
040 ## - CATALOGING SOURCE
- Original cataloging agency: dpl
- Transcribing agency: dpl
150 ## - HEADING--TOPICAL TERM
- Topical term or geographic name as entry element: लघु कथा संग्रह
670 ## - SOURCE DATA FOUND
- Source citation: Work cat.: (dpl)84604: हिन्दी कहानी का युवा परिदृश्य /, 2014
